000 00775nam a2200253Ia 4500
003 OSt
005 20220930093011.0
006 a|||||r|||| 00| 0
007 ta
008 220926b |||||||| |||| 00| 0 eng d
024 _a28322
037 _cTheses
040 _aCRL
_cCRL
_beng
041 _2eng
_aeng
100 _aNisha P. R
_9550323
110 _aUniversity of Delhi. Faculty of Social Sciences. Department of History
245 0 _aHistory of circus and circus performances in twentieth century Kerla
260 _c2014
650 _aHISTORY
700 _a Pati Biswamoy Gu.
_9550324
700 _aUniversity of Delhi. Faculty of Social Sciences. Department of History
942 _cDIS
_2CC
999 _c884649
_d884649